In partnership with youth.

保存先:
書誌詳細
団体著者: Unesco
フォーマット: 図書
言語:English
出版事項: [Paris] Unesco [1969]
主題:
LEADER 00944nam a2200301 a 4500
001 c000317910
003 CARM
005 20000929212209.0
008 701217s1969 fr a 000 0 eng
010 |a 72523457 //r86 
015 |a F*** 
019 1 |a 476901  |z 28172693  |z 56453401  |5 LACONCORD2021 
035 |a (OCoLC)105558  |5 LACONCORD2021 
040 |a LC  |b eng  |c LC  |d ABN:SN 
050 0 0 |a HQ796  |b .U5 
050 4 |a HQ796  |b .I5 1969 
082 0 4 |a 301.43/15 
110 2 |a Unesco. 
245 1 0 |a In partnership with youth. 
260 |a [Paris]  |b Unesco  |c [1969] 
300 |a 61 p.  |b illus.  |c 21 cm. 
410 2 1 |a Its.  |t Unesco and its programme 
610 2 0 |a Unesco. 
610 2 4 |a Unesco. 
650 0 |a Youth. 
852 8 |b CARM  |h A1:AM04B0  |i B09192  |p 0424553  |f BK 
999 f f |i 44b3e8ad-23a5-530d-bd98-6287f33716b5  |s b227d6e6-cd39-50e2-aa3b-1e81dce62e6f 
952 f f |p Can circulate  |a CAVAL  |b CAVAL  |c CAVAL  |d CARM 1 Store  |e B09192  |f A1:AM04B0  |h Other scheme  |i book  |m 0424553